[Event "Remote S7 Top 57 email"]
[Site "Remote email"]
[Date "2012.04.13"]
[Round "?"]
[White "Tauscher, David"]
[Black "Zidu, Jan"]
[Result "0-1"]
[WhiteElo "2466"]
[BlackElo "2579"]
[PlyCount "112"]
[EventDate "2011.??.??"]
[EventType "tourn (corr)"]
[EventRounds "6"]
[EventCountry "GER"]
[SourceTitle "Corr 2015"]
[Source "ChessBase"]
[SourceDate "2015.07.17"]
[SourceVersion "1"]
[SourceVersionDate "2015.07.17"]
[SourceQuality "1"]
[BlackTeam "Witold's Friends"]

1. e4 e6 2. d4 d5 3. e5 c5 4. c3 Nc6 5. Nf3 Qb6 6. Bd3 cxd4 7. cxd4 Bd7 8. 0-0 Nxd4 9. Nxd4 Qxd4 10. Nc3 a6 11. Qe2 Ne7 12. Kh1 Nc6 13. f4 Nb4 14. Rd1 Bc5 15. Bxa6 Qf2 16. Qxf2 Bxf2 17. Bb5 Bxb5 18. Nxb5 Rxa2 19. Bd2 Rxa1 20. Rxa1 Na6 21. Nd6+ Ke7 22. Nxb7 Rb8 23. Rxa6 Rxb7 24. b4 Kd7 25. g3 Bb6 26. b5 Bc5 27. Ra5 f6 28. Bc3 d4 29. Be1 fxe5 30. fxe5 Kc7 31. Kg2 Kb6 32. Kf3 d3 33. Ke4 Rd7 34. Bd2 Rd4+ 35. Kf3 Rc4 36. Ra8 Rc2 37. Be3 Rxh2 38. Bxc5+ Kxc5 39. Rd8 d2 40. g4 Kxb5 41. Kg3 Re2 42. Kf3 Rxe5 43. Rxd2 Kc5 44. Kf4 Rd5 45. Ra2 Rd4+ 46. Kf3 Rd7 47. g5 Kd6 48. Rh2 Ke5 49. Rxh7 Kf5 50. Rh8 Kxg5 51. Re8 Rd3+ 52. Ke2 Rd5 53. Rxe6 Rf5 54. Kd3 Kf4 55. Rg6 Rg5 56. Rd6 Rg2 0-1

[Event "Remote S7 Top 57 email"]
[Site "Remote email"]
[Date "2012.02.13"]
[Round "?"]
[White "Dietrich, Udo"]
[Black "Tauscher, David"]
[Result "1/2-1/2"]
[WhiteElo "2291"]
[BlackElo "2466"]
[PlyCount "115"]
[EventDate "2011.??.??"]
[EventType "tourn (corr)"]
[EventRounds "6"]
[EventCountry "GER"]
[SourceTitle "Corr 2015"]
[Source "ChessBase"]
[SourceDate "2015.07.17"]
[SourceVersion "1"]
[SourceVersionDate "2015.07.17"]
[SourceQuality "1"]

1. e4 e5 2. Nf3 Nc6 3. Bb5 a6 4. Ba4 Nf6 5. 0-0 Be7 6. Re1 b5 7. Bb3 d6 8. c3 0-0 9. h3 Bb7 10. d4 Re8 11. Nbd2 Bf8 12. a3 h6 13. Bc2 Nb8 14. b4 Nbd7 15. Bb2 g6 16. c4 exd4 17. cxb5 axb5 18. Nxd4 c6 19. Bd3 Qb6 20. Qc2 Bg7 21. Rad1 Nh5 22. N4f3 Bxb2 23. Qxb2 c5 24. Bf1 c4 25. Bxc4 bxc4 26. Nxc4 Qc7 27. Nxd6 Re7 28. Rd4 Kh7 29. Rc1 Qb8 30. b5 Nb6 31. Qd2 Qf8 32. Rc3 Na4 33. Re3 Ng7 34. e5 Ne6 35. Rh4 Rd7 36. Nd4 Nac5 37. Nxe6 Nxe6 38. Rg3 g5 39. Rc4 Qg7 40. Qe3 Rxa3 41. Qxa3 Qxe5 42. Nxf7 Rxf7 43. Re3 Qd5 44. Qd3+ Kg7 45. f3 Qxd3 46. Rxd3 Nc7 47. b6 Nd5 48. Rb3 Kf6 49. h4 Rf8 50. Kh2 Ke5 51. hxg5 hxg5 52. Rc1 Kf6 53. Kg3 Re8 54. Rh1 Kg6 55. Rb2 Nf4 56. Ra1 Kf6 57. Rh1 Kg6 58. Rd1 1/2-1/2

[Event "Remote S7 Top 57 email"]
[Site "Remote email"]
[Date "2012.02.13"]
[Round "?"]
[White "Tauscher, David"]
[Black "Warzecha, Helmut"]
[Result "1/2-1/2"]
[WhiteElo "2466"]
[BlackElo "2349"]
[PlyCount "106"]
[EventDate "2011.??.??"]
[EventType "tourn (corr)"]
[EventRounds "6"]
[EventCountry "GER"]
[SourceTitle "Corr 2015"]
[Source "ChessBase"]
[SourceDate "2015.07.17"]
[SourceVersion "1"]
[SourceVersionDate "2015.07.17"]
[SourceQuality "1"]

1. e4 c5 2. Nf3 Nc6 3. d4 cxd4 4. Nxd4 g6 5. c4 Bg7 6. Be3 Nf6 7. Nc3 Ng4 8. Qxg4 Nxd4 9. Qd1 Ne6 10. Rc1 d6 11. b4 a5 12. a3 Bd7 13. Be2 axb4 14. axb4 Bc6 15. Qd2 Ra3 16. 0-0 0-0 17. Nd5 Re8 18. Rfd1 Qa8 19. Bf1 Qa4 20. Qe2 Rb3 21. Qd2 Rb2 22. Qe1 Be5 23. g3 Ng7 24. Rb1 Rxb1 25. Rxb1 Qa3 26. Qd1 e6 27. b5 exd5 28. bxc6 bxc6 29. cxd5 c5 30. Rb3 Qa5 31. Rb7 Nh5 32. Bh6 Qa2 33. Bb5 Rd8 34. Qe2 Qb1+ 35. Kg2 Nf6 36. f3 Qa1 37. f4 Bd4 38. e5 dxe5 39. fxe5 Bxe5 40. d6 Qd4 41. Bc4 Nd7 42. Bg5 Rb8 43. Rxb8+ Nxb8 44. Qf1 Qe4+ 45. Kh3 Qb7 46. Be7 Qd7+ 47. g4 Qe8 48. Qf3 Nd7 49. Bb5 h5 50. Qb7 hxg4+ 51. Kg2 Qb8 52. Qxb8+ Nxb8 53. d7 Nxd7 1/2-1/2

[Event "Remote S7E Pro-147 email"]
[Site "Remote email"]
[Date "2012.01.22"]
[Round "?"]
[White "Knoeppel, Bjoern"]
[Black "Tauscher, David"]
[Result "0-1"]
[WhiteElo "1985"]
[BlackElo "2466"]
[PlyCount "102"]
[EventDate "2012.??.??"]
[EventType "tourn (corr)"]
[EventRounds "6"]
[EventCountry "GER"]
[SourceTitle "Corr 2015"]
[Source "ChessBase"]
[SourceDate "2015.07.17"]
[SourceVersion "1"]
[SourceVersionDate "2015.07.17"]
[SourceQuality "1"]

1. Nf3 d5 2. d4 Nf6 3. c4 c6 4. Nc3 dxc4 5. a4 Bf5 6. e3 e6 7. Bxc4 Bb4 8. 0-0 Nbd7 9. Qe2 0-0 10. e4 Bg6 11. e5 Nd5 12. Bd2 Qa5 13. Rfc1 Rac8 14. Nh4 Rfd8 15. Nxg6 hxg6 16. Bb3 N7b6 17. Nxd5 Nxd5 18. Bg5 Be7 19. Bd2 Qb6 20. Bxd5 Rxd5 21. Be3 a5 22. h3 Rcd8 23. Rc4 c5 24. dxc5 Qc7 25. f4 g5 26. fxg5 Rxe5 27. g6 fxg6 28. Rac1 Bg5 29. R1c3 Rdd5 30. b3 Qf7 31. b4 Qf5 32. Rb3 Bf4 33. Rcc3 Qf6 34. bxa5 Rxe3 35. Rxe3 Qa1+ 36. Kf2 Bh2 37. Qe1 Qa2+ 38. Qe2 Rd2 39. Rbd3 Rxe2+ 40. Rxe2 Qb1 41. Red2 Qg1+ 42. Ke2 Qxg2+ 43. Kd1 Qg1+ 44. Kc2 Qxc5+ 45. Rc3 Qf5+ 46. Rdd3 e5 47. Kd1 e4 48. Rd8+ Kf7 49. a6 Qf1+ 50. Kc2 Qxa6 51. Rd4 Be5 0-1

[Event "Remote S7E Pro-147 email"]
[Site "Remote email"]
[Date "2012.01.22"]
[Round "?"]
[White "Leisebein, Peter"]
[Black "Tauscher, David"]
[Result "1/2-1/2"]
[WhiteElo "2219"]
[BlackElo "2466"]
[PlyCount "51"]
[EventDate "2012.??.??"]
[EventType "tourn (corr)"]
[EventRounds "6"]
[EventCountry "GER"]
[SourceTitle "Corr 2015"]
[Source "ChessBase"]
[SourceDate "2015.07.17"]
[SourceVersion "1"]
[SourceVersionDate "2015.07.17"]
[SourceQuality "1"]

1. d4 Nf6 2. f3 d5 3. e4 dxe4 4. Nc3 exf3 5. Nxf3 c6 6. Bd3 Bg4 7. Be3 e6 8. h3 Bh5 9. Qe2 Bb4 10. a3 Ba5 11. g4 Bg6 12. Bd2 Bxc3 13. Bxc3 a5 14. 0-0-0 Bxd3 15. Rxd3 Nd5 16. Bd2 0-0 17. h4 Qc7 18. h5 c5 19. h6 g6 20. dxc5 Nd7 21. Kb1 Nxc5 22. Rd4 b5 23. g5 b4 24. Qe5 Qxe5 25. Nxe5 bxa3 26. bxa3 1/2-1/2

[Event "Remote S7E Pro-147 email"]
[Site "Remote email"]
[Date "2012.01.22"]
[Round "?"]
[White "Raap, Christian"]
[Black "Tauscher, David"]
[Result "0-1"]
[WhiteElo "2379"]
[BlackElo "2466"]
[PlyCount "130"]
[EventDate "2012.??.??"]
[EventType "tourn (corr)"]
[EventRounds "6"]
[EventCountry "GER"]
[SourceTitle "Corr 2015"]
[Source "ChessBase"]
[SourceDate "2015.07.17"]
[SourceVersion "1"]
[SourceVersionDate "2015.07.17"]
[SourceQuality "1"]

1. d4 Nf6 2. c4 e6 3. Nf3 b6 4. g3 Bb7 5. Bg2 Be7 6. Nc3 Ne4 7. Bd2 f5 8. d5 Bf6 9. Qc2 Na6 10. Nxe4 fxe4 11. Qxe4 Bxb2 12. Rd1 Bf6 13. 0-0 Qe7 14. Nd4 Nc5 15. Qe3 exd5 16. cxd5 Qxe3 17. Bxe3 0-0-0 18. Rc1 Rhe8 19. Rc2 Kb8 20. Rb1 Rc8 21. Nb5 d6 22. Bf3 Re7 23. Rd1 Rce8 24. Kg2 Bc8 25. Rcc1 a6 26. Nd4 Rxe3 27. fxe3 Rxe3 28. Rc4 Ra3 29. Rc2 Bd7 30. Nc6+ Kb7 31. e4 h6 32. Re1 Bxc6 33. dxc6+ Ka7 34. Bh5 Nd3 35. Rb1 Ra4 36. Re2 Nb4 37. Bf7 b5 38. Bb3 Ra3 39. Bg8 Nxc6 40. Rb3 Ra4 41. Rd3 Nb4 42. Rf3 c5 43. Rd2 c4 44. Rxd6 Rxa2+ 45. Kf1 c3 46. Rdxf6 gxf6 47. Rxc3 Rxh2 48. Rf3 h5 49. Rxf6 h4 50. g4 Nd3 51. Bd5 h3 52. Rf5 Rd2 53. e5 h2 54. e6 Nc5 55. Bg2 Nxe6 56. Rh5 Nf4 57. Rxh2 a5 58. Rh7+ Kb6 59. Be4 a4 60. Rb7+ Kc5 61. Ra7 Kb4 62. g5 Rd1+ 63. Kf2 Nh3+ 64. Ke2 Rd6 65. Rg7 a3 0-1

[Event "Remote S7E Pro-147 email"]
[Site "Remote email"]
[Date "2012.01.22"]
[Round "?"]
[White "Tauscher, David"]
[Black "Traut, Gerhard"]
[Result "1/2-1/2"]
[WhiteElo "2466"]
[BlackElo "1895"]
[PlyCount "32"]
[EventDate "2012.??.??"]
[EventType "tourn (corr)"]
[EventRounds "6"]
[EventCountry "GER"]
[SourceTitle "Corr 2015"]
[Source "ChessBase"]
[SourceDate "2015.07.17"]
[SourceVersion "1"]
[SourceVersionDate "2015.07.17"]
[SourceQuality "1"]

1. e4 e5 2. Nf3 Nc6 3. d4 exd4 4. Nxd4 Nf6 5. Nxc6 bxc6 6. e5 Qe7 7. Qe2 Nd5 8. c4 Ba6 9. b3 g6 10. f4 f6 11. exf6 Qxe2+ 12. Bxe2 Kf7 13. Bd2 Nxf6 14. Nc3 d5 15. 0-0-0 d4 16. Nb1 Ne4 1/2-1/2

[Event "Remote S7E Pro-147 email"]
[Site "Remote email"]
[Date "2012.01.22"]
[Round "?"]
[White "Tauscher, David"]
[Black "Wittig, Frank"]
[Result "1/2-1/2"]
[WhiteElo "2466"]
[BlackElo "2339"]
[PlyCount "56"]
[EventDate "2012.??.??"]
[EventType "tourn (corr)"]
[EventRounds "6"]
[EventCountry "GER"]
[SourceTitle "Corr 2015"]
[Source "ChessBase"]
[SourceDate "2015.07.17"]
[SourceVersion "1"]
[SourceVersionDate "2015.07.17"]
[SourceQuality "1"]

1. e4 e5 2. f4 exf4 3. Nf3 Nf6 4. e5 Nh5 5. d4 d6 6. Qe2 d5 7. c4 dxc4 8. Qxc4 c6 9. Nc3 Be6 10. Qd3 Nd7 11. Bd2 g6 12. Qc2 Be7 13. Bd3 0-0 14. 0-0 Nb6 15. Rad1 Rc8 16. Kh1 c5 17. dxc5 Rxc5 18. Be1 Qc8 19. Bf2 Ra5 20. Qe2 Nd5 21. Rc1 Qd7 22. a3 Nxc3 23. Rxc3 Rc8 24. Rxc8+ Qxc8 25. Be4 Bg4 26. Qd2 Qc4 27. Re1 b6 28. Bd4 Qe6 1/2-1/2

[Event "Remote S7 Top 57 email"]
[Site "Remote email"]
[Date "2011.12.13"]
[Round "?"]
[White "Pirs, Matjaz"]
[Black "Tauscher, David"]
[Result "1/2-1/2"]
[WhiteElo "2550"]
[BlackElo "2466"]
[PlyCount "76"]
[EventDate "2011.??.??"]
[EventType "tourn (corr)"]
[EventRounds "6"]
[EventCountry "GER"]
[SourceTitle "Corr 2015"]
[Source "ChessBase"]
[SourceDate "2015.07.17"]
[SourceVersion "1"]
[SourceVersionDate "2015.07.17"]
[SourceQuality "1"]

1. e4 e5 2. Nf3 Nc6 3. Bb5 a6 4. Ba4 Nf6 5. 0-0 Nxe4 6. d4 b5 7. Bb3 d5 8. dxe5 Be6 9. c3 Bc5 10. Nbd2 0-0 11. Bc2 Bf5 12. Nb3 Bg6 13. Nxc5 Nxc5 14. Bxg6 hxg6 15. Be3 Ne6 16. Qd2 Qd7 17. Rad1 Rad8 18. Rfe1 Rfe8 19. b3 a5 20. Bg5 Ne7 21. Nd4 c5 22. Nxe6 Qxe6 23. c4 bxc4 24. bxc4 d4 25. Qxa5 Rc8 26. Qb5 Qf5 27. Bh4 Qc2 28. Rc1 Qd2 29. Rcd1 Qc2 30. e6 fxe6 31. Bg5 Nf5 32. Rc1 Qxa2 33. Ra1 Qc2 34. h4 e5 35. Rac1 Qa2 36. Ra1 Qc2 37. Rac1 Qa2 38. Ra1 Qc2 1/2-1/2

[Event "Remote Money 5th email"]
[Site "Remote email"]
[Date "2011.11.16"]
[Round "2"]
[White "Tauscher, David"]
[Black "Dorer, Manfred"]
[Result "1/2-1/2"]
[WhiteElo "2466"]
[BlackElo "2496"]
[PlyCount "88"]
[EventDate "2011.??.??"]
[EventType "tourn (corr)"]
[EventRounds "6"]
[EventCountry "GER"]
[SourceTitle "Corr 2015"]
[Source "ChessBase"]
[SourceDate "2015.07.17"]
[SourceVersion "1"]
[SourceVersionDate "2015.07.17"]
[SourceQuality "1"]

1. e4 c5 2. Nf3 d6 3. d4 cxd4 4. Nxd4 Nf6 5. f3 e5 6. Nb3 Be6 7. c4 Nbd7 8. Be3 Rc8 9. N3d2 b5 10. Na3 bxc4 11. Bxc4 d5 12. exd5 Nxd5 13. Bxd5 Bxd5 14. Bf2 Bc5 15. 0-0 0-0 16. Qe2 Bxa3 17. bxa3 Qa5 18. Rfd1 Be6 19. Ne4 Qxa3 20. Rd3 Rc1+ 21. Rxc1 Qxc1+ 22. Rd1 Qc7 23. Qd2 Rc8 24. Nd6 Ra8 25. Rc1 Qd8 26. Nb7 Qb8 27. Nd6 Nf6 28. h3 Nd5 29. Ne4 Qb4 30. Qxb4 Nxb4 31. a3 Nd3 32. Rc7 a6 33. Ng5 Ba2 34. Ne4 Nf4 35. a4 f6 36. a5 h5 37. Nc3 Nd5 38. Nxd5 Bxd5 39. h4 Rd8 40. Be3 Rd6 41. Kf2 Be6 42. Rc5 Bd7 43. f4 Re6 44. fxe5 Rxe5 1/2-1/2

[Event "Remote Money 5th email"]
[Site "Remote email"]
[Date "2010.09.20"]
[Round "1"]
[White "Kuna, Heiko"]
[Black "Tauscher, David"]
[Result "1/2-1/2"]
[WhiteElo "2370"]
[BlackElo "2466"]
[PlyCount "87"]
[EventDate "2011.??.??"]
[EventType "tourn (corr)"]
[EventRounds "6"]
[EventCountry "GER"]
[SourceTitle "Corr 2015"]
[Source "ChessBase"]
[SourceDate "2015.07.17"]
[SourceVersion "1"]
[SourceVersionDate "2015.07.17"]
[SourceQuality "1"]

1. e4 c5 2. b4 cxb4 3. a3 d5 4. exd5 Qxd5 5. Nf3 e5 6. axb4 Bxb4 7. c3 e4 8. cxb4 exf3 9. Qxf3 Qxf3 10. gxf3 Ne7 11. Bb2 0-0 12. Rg1 Ng6 13. b5 Nd7 14. Ra3 Nb6 15. Nc3 Re8+ 16. Kd1 Bf5 17. Rg5 Be6 18. Ne4 Red8 19. Nc5 Bd5 20. Kc2 h6 21. Rg3 Bc4 22. Bh3 Bxb5 23. Nxb7 Nc4 24. Nxd8 Nxa3+ 25. Bxa3 Rxd8 26. Bc5 Nf4 27. Bxa7 Ne2 28. Rg4 Bd3+ 29. Kb3 Bf5 30. Rh4 g5 31. Rxh6 Kg7 32. Rh5 Kg6 33. Bxf5+ Kxh5 34. d3 Nd4+ 35. Bxd4 Rxd4 36. Be4 Kh6 37. Kc3 Rd8 38. h3 Kg7 39. f4 gxf4 40. d4 Rh8 41. Bg2 f5 42. Kd3 Kg6 43. Ke2 Re8+ 44. Kd2 1/2-1/2